| 000 | 00546nam a2200181 i 4500 | ||
|---|---|---|---|
| 001 | 80108 | ||
| 003 | ES-MaACL | ||
| 007 | t| | ||
| 008 | 041026s1910 xxk ||||1| eng d | ||
| 100 | 1 |
_aHibben, John Grier. _963540 |
|
| 245 | 1 | 4 |
_aThe Philosophy of the enlightenment / _cJohn Grier Hibben. |
| 260 |
_aLondon : _b[s.n., _c1910] ( _eNew York : _fScribner Press) |
||
| 300 |
_aXII, 312 p. ; _c21 cm. |
||
| 490 | 1 | _aThe epodes of philosophy | |
| 830 | 0 |
_aThe epodes of philosophy _9231477 |
|
| 852 |
_aES-MaACL _jC-737 |
||
| 999 |
_c80108 _d80108 |
||